000 00603nam a2200193Ia 4500
005 20250508151649.0
008 008 250505s9999 xx 000 0 eng d
037 _aTextual
040 _aFEDL
_beng
_cFEDL
041 _aeng
_2eng
084 _a306.4, DEG
_qFEDL
100 _aDeGr'e Gerard
_9759705
245 0 _aScience and a social institution: An introduction to the sociology of science
260 _aNew York, USA
_bDoubleday and Company
_c1955
300 _aix,48p
490 _aDoubleday short studies in sociology
942 _cTEXL
_h306.4, DEG
999 _c1331244
_d1331244